| 000 | 00455nam a2200181Ia 4500 | ||
|---|---|---|---|
| 001 | 8335 | ||
| 005 | 20260306160601.0 | ||
| 008 | 260306t2004||||xx |||||||||||||| ||spa|| | ||
| 041 | _aESP | ||
| 082 |
_a370.19 _bR23 |
||
| 100 |
_aRamírez Pena, Luis Alfonso _eAUT |
||
| 245 | 0 | _aDiscurso y lenguaje en la educación y la pedagogía | |
| 260 | _c2004 | ||
| 300 |
_a250 páginas : _c24 cm. |
||
| 650 | _aGEN | ||
| 654 | _aCED | ||
| 942 |
_cLIB _dJUS _fJUS _2ddc _n |
||
| 999 |
_c8335 _d8335 |
||